| 000 | 00659nam a2200193Ia 4500 | ||
|---|---|---|---|
| 005 | 20250508160142.0 | ||
| 008 | 008 250505s9999 xx 000 0 eng d | ||
| 037 | _aTheses | ||
| 040 |
_aFEDL _beng _cFEDL |
||
| 041 |
_aeng _2eng |
||
| 084 |
_a155, SMA/TH _qFEDL |
||
| 100 | _aSmart Mollie Stevens | ||
| 245 | 0 | _aPersonality development of preadolescents and adolescents as shown by measures of self esteem and social personal orientation and related to certain aspects of parental behavior. | |
| 260 | _c1968 | ||
| 300 | _axii,158p. | ||
| 546 | _aPh.D Thesis (Delhi University) | ||
| 942 |
_cTH _h155, SMA/TH |
||
| 999 |
_c1362241 _d1362241 |
||